[Event "DVM U12 2011"]
[Site "Arendsee (Altmark) GER"]
[Date "2011.12.27"]
[Round "2"]
[White "Martin, Julian"]
[Black "Wagner, Tobias"]
[Result "0-1"]
[Termination "normal"]
[Board "4.3"]
[WhiteElo "1576"]
[BlackElo "1304"]
[WhiteTeam "SF Sasbach"]
[BlackTeam "AE Magdeburg"]
[WhiteFideId "12941000"]
[BlackFideId "12943452"]
[EventCountry "GER"]
[EventRounds "7"]
[EventType "team-swiss"]
[EventDate "2011.12.26"]

1. e4 c5 2. Nf3 Nc6 3. d4 cxd4 4. Nxd4 g6 5. Nc3 Bg7 6. Be3 Nf6 7. Bc4 O-O 8.
Qd2 Ng4 9. Nxc6 dxc6 10. f3 Nxe3 11. Qxe3 b5 12. Bb3 b4 13. Na4 Ba6 14. Rd1 Qa5
15. Kf2 Bb5 16. Qc5 Qa6 17. Qxb4 c5 18. Nxc5 Qc6 19. Bd5 Qb6 20. Bxa8 Rxa8 21.
c4 Rc8 22. cxb5 Rxc5 23. Rd8+ Qxd8 24. h3 Qd4+ 0-1

[Event "DVM U12 2011"]
[Site "Arendsee (Altmark) GER"]
[Date "2011.12.27"]
[Round "2"]
[White "Wolff, Marti"]
[Black "Toptschiev, David"]
[Result "0-1"]
[Termination "normal"]
[Board "4.4"]
[WhiteElo "1173"]
[BlackElo "1215"]
[WhiteTeam "AE Magdeburg"]
[BlackTeam "SF Sasbach"]
[WhiteFideId "12943487"]
[BlackFideId "12968005"]
[EventCountry "GER"]
[EventRounds "7"]
[EventType "team-swiss"]
[EventDate "2011.12.26"]

1. e4 e5 2. Nf3 Nc6 3. Bc4 Bc5 4. c3 Nf6 5. d3 h6 6. O-O d6 7. Be3 Bb6 8. Nbd2
Qe7 9. Nb3 Ng4 10. Bxb6 cxb6 11. d4 a6 12. d5 Nb8 13. a4 Nd7 14. Nfd4 h5 15.
Nf5 Qf6 16. Be2 Qg6 17. h3 Nh6 18. Bxh5 Qf6 19. Nxh6 Qxh6 20. Bg4 Nf6 21. Bxc8
Rxc8 22. Qf3 Rc4 23. Nd2 Qxd2 24. Qg3 Qh6 25. f3 Nh5 26. Qf2 Qg6 27. Qxb6 Nf4
28. g4 Nxh3+ 29. Kg2 Nf4+ 30. Kf2 Rh2+ 31. Ke1 Qg5 32. Qe3 Ng2+ 0-1

[Event "DVM U12 2011"]
[Site "Arendsee (Altmark) GER"]
[Date "2011.12.27"]
[Round "2"]
[White "Surguchov, Alexander"]
[Black "Böhning, Kilian"]
[Result "1/2-1/2"]
[Termination "normal"]
[Board "5.1"]
[WhiteElo "1602"]
[BlackElo "1738"]
[WhiteTeam "Verein f.S.u.F. Düsseldorf"]
[BlackTeam "Hagener SV"]
[WhiteFideId "1272035"]
[BlackFideId "1270499"]
[EventCountry "GER"]
[EventRounds "7"]
[EventType "team-swiss"]
[EventDate "2011.12.26"]

1. e4 e6 2. d4 d5 3. e5 c5 4. c3 Qb6 5. Nf3 Bd7 6. a3 Bb5 7. Bd3 Nc6 8. O-O
cxd4 9. cxd4 Bxd3 10. Qxd3 Rc8 11. b4 Nge7 12. Nc3 Nf5 13. Na4 Qd8 14. Bd2 Be7
15. Rfc1 O-O 16. g4 Nh4 17. Nxh4 Bxh4 18. Nc5 b6 19. Nb3 f6 20. b5 fxe5 21.
Rxc6 Rxc6 22. bxc6 Bxf2+ 23. Kh1 e4 24. Qe2 Qh4 25. Rf1 1/2-1/2

[Event "DVM U12 2011"]
[Site "Arendsee (Altmark) GER"]
[Date "2011.12.27"]
[Round "2"]
[White "Balazs, Balint"]
[Black "Berezhnoy, Alex"]
[Result "0-1"]
[Termination "normal"]
[Board "5.2"]
[WhiteElo "1670"]
[BlackElo "1472"]
[WhiteTeam "Hagener SV"]
[BlackTeam "Verein f.S.u.F. Düsseldorf"]
[WhiteFideId "12922757"]
[BlackFideId "12918997"]
[EventCountry "GER"]
[EventRounds "7"]
[EventType "team-swiss"]
[EventDate "2011.12.26"]

1. e4 e5 2. Nf3 Nf6 3. Nxe5 d6 4. Nf3 Nxe4 5. Nc3 Nxc3 6. dxc3 Be7 7. Bc4 O-O
8. Be3 Nc6 9. Qd2 Ne5 10. Be2 Be6 11. Nd4 Bc4 12. f4 Bxe2 13. Qxe2 Nc6 14.
O-O-O Qd7 15. g4 Rfe8 16. Qf3 Bf8 17. h4 Nxd4 18. cxd4 d5 19. f5 Re4 20. g5
Rae8 21. Rd3 Bd6 22. h5 c6 23. g6 Qc7 24. Bd2 Bf4 25. h6 Re1+ 26. Qd1 Rxd1+ 27.
Kxd1 hxg6 28. hxg7 Kxg7 29. f6+ Kxf6 30. Rf3 g5 31. Rhf1 Kf5 0-1

[Event "DVM U12 2011"]
[Site "Arendsee (Altmark) GER"]
[Date "2011.12.27"]
[Round "2"]
[White "Schmitz, Fabian"]
[Black "Laubrock, Paul"]
[Result "0-1"]
[Termination "normal"]
[Board "5.3"]
[WhiteElo "1287"]
[BlackElo "1676"]
[WhiteTeam "Verein f.S.u.F. Düsseldorf"]
[BlackTeam "Hagener SV"]
[WhiteFideId "12965006"]
[BlackFideId "1270509"]
[EventCountry "GER"]
[EventRounds "7"]
[EventType "team-swiss"]
[EventDate "2011.12.26"]

1. e4 e6 2. d4 d5 3. Nc3 Bb4 4. e5 c5 5. Bd2 cxd4 6. Nb5 Bc5 7. Nf3 Nc6 8. Bf4
Nge7 9. Be2 Nf5 10. O-O a6 11. Na3 O-O 12. Kh1 Bd7 13. g4 Nfe7 14. Bd3 Ng6 15.
Bg5 Qb6 16. Rb1 Nb4 17. c3 Nxd3 18. Qxd3 dxc3 19. Qxc3 Qb4 20. Qxb4 Bxb4 21.
Nc2 Ba5 22. Ncd4 Bb6 23. Rfe1 h6 24. Be3 Rac8 25. h3 Rc7 26. Nxe6 fxe6 27. Bxb6
Rc6 28. Bd4 Rxf3 29. Re3 Rxe3 30. fxe3 Rc2 31. Kg1 Bb5 32. a3 Nh4 0-1

[Event "DVM U12 2011"]
[Site "Arendsee (Altmark) GER"]
[Date "2011.12.27"]
[Round "2"]
[White "Hoppe, Andreas"]
[Black "Gula, Julian"]
[Result "1/2-1/2"]
[Termination "normal"]
[Board "5.4"]
[WhiteElo "1411"]
[BlackElo "899"]
[WhiteTeam "Hagener SV"]
[BlackTeam "Verein f.S.u.F. Düsseldorf"]
[WhiteFideId "12922811"]
[BlackFideId "12954799"]
[EventCountry "GER"]
[EventRounds "7"]
[EventType "team-swiss"]
[EventDate "2011.12.26"]

1. d4 d6 2. Nc3 c6 3. Nf3 Nd7 4. e3 Qc7 5. Bd3 e5 6. O-O Ngf6 7. dxe5 Nxe5 8.
Nxe5 dxe5 9. Ne4 Be7 10. b3 O-O 11. Bb2 Rd8 12. Qe2 Nxe4 13. Bxe4 Be6 14. Qh5
g6 15. Qxe5 Qxe5 16. Bxe5 f6 17. Bc3 f5 18. Bf3 Rac8 19. Rfd1 Bg5 20. Rxd8+
Rxd8 21. Rd1 Re8 22. Rd6 Kf7 23. Kf1 Ke7 24. Bb4 Kf7 25. Ke2 Be7 26. Rd4 c5 27.
Bxc5 Bxc5 28. Rh4 h5 29. Bxb7 Re7 30. Bf3 Rc7 31. c4 a5 32. Bd5 Bxd5 33. cxd5
Rd7 34. Ra4 Bb6 35. b4 Rxd5 36. bxa5 Rxa5 37. Rxa5 Bxa5 38. Kd3 Ke6 39. f3 Kd5
40. h3 h4 41. e4+ fxe4+ 42. fxe4+ Ke5 43. Ke3 Bb6+ 44. Kf3 Kf6 45. Kg4 Bc7 46.
Kf3 Ba5 47. Kg4 Bc7 1/2-1/2

[Event "DVM U12 2011"]
[Site "Arendsee (Altmark) GER"]
[Date "2011.12.27"]
[Round "2"]
[White "Buckels, Valentin"]
[Black "Rieper, Julian"]
[Result "1/2-1/2"]
[Termination "normal"]
[Board "6.1"]
[WhiteElo "1685"]
[BlackElo "1477"]
[WhiteTeam "SK Turm Kleve"]
[BlackTeam "SK Doppelbauer Kiel"]
[WhiteFideId "12942766"]
[BlackFideId "12936960"]
[EventCountry "GER"]
[EventRounds "7"]
[EventType "team-swiss"]
[EventDate "2011.12.26"]

1. d4 d5 2. c4 e6 3. Nf3 c6 4. e3 Nf6 5. Nc3 Nbd7 6. Bd3 Bb4 7. O-O O-O 8. Qb3
Bd6 9. e4 dxc4 10. Bxc4 e5 11. Rd1 Qc7 12. d5 Nc5 13. Qc2 Bg4 14. Be2 Rfd8 15.
Bg5 Be7 16. Bxf6 Bxf6 17. b4 Nd7 18. Na4 Nb6 19. Nxb6 Qxb6 20. dxc6 Qxc6 21.
Qxc6 bxc6 22. Rac1 Rxd1+ 23. Rxd1 Be6 24. a3 a5 25. b5 cxb5 26. Bxb5 Kf8 27. a4
Rc8 28. h3 Rc3 29. Rd6 Bc8 30. Nd2 Be7 31. Rd5 Rc1+ 32. Kh2 f6 33. f3 Be6 34.
Rd3 Bb4 35. Nb3 Rc3 36. Rxc3 Bxc3 37. Nc5 Bf7 38. g4 Ke7 39. Kg2 Bb4 40. Nd3
Kd6 41. Kf2 Bb3 42. Kg3 g5 43. Kg2 Bc3 44. Kg3 Bd4 45. Kg2 Bd1 46. Kg3 Be3 47.
Nb2 Bf4+ 48. Kf2 Bb3 49. Nc4+ Bxc4 50. Bxc4 Kc5 51. Bb5 Kd4 52. Kg2 Ke3 53. Bd7
1/2-1/2

[Event "DVM U12 2011"]
[Site "Arendsee (Altmark) GER"]
[Date "2011.12.27"]
[Round "2"]
[White "Wiemann, Niklas"]
[Black "Richter, Fabian"]
[Result "1-0"]
[Termination "normal"]
[Board "6.2"]
[WhiteElo "1355"]
[BlackElo "1063"]
[WhiteTeam "SK Doppelbauer Kiel"]
[BlackTeam "SK Turm Kleve"]
[EventCountry "GER"]
[EventRounds "7"]
[EventType "team-swiss"]
[EventDate "2011.12.26"]

1. d4 d5 2. Nf3 Nc6 3. c4 e6 4. Nc3 Nf6 5. Bg5 Be7 6. e3 b6 7. Bd3 Ba6 8. cxd5
Bxd3 9. Qxd3 exd5 10. O-O Qd7 11. Rac1 O-O-O 12. Qa6+ Kb8 13. Nb5 Qc8 14. Qxc8+
Rxc8 15. Rxc6 a6 16. Na3 h6 17. Bh4 g5 18. Bg3 Kb7 19. Rfc1 Ne8 20. R6c3 f6 21.
Nb1 h5 22. h3 g4 23. hxg4 hxg4 24. Nh2 f5 25. a3 Nd6 26. Nd2 Rh7 27. b4 Nb5 28.
R3c2 Bf8 29. a4 Nd6 30. Nb3 Nc4 31. b5 axb5 32. axb5 Na3 33. Ra2 Nxb5 34. f3
Re7 35. Rb1 c6 36. Rab2 Rxe3 37. Bf2 Re6 38. fxg4 fxg4 39. Nxg4 Nc3 40. Nc5+
Ka7 41. Ra1+ Kb8 42. Rxb6+ Kc7 43. Rb7+ Kd8 44. Nxe6+ Ke8 45. Nf6# 1-0

[Event "DVM U12 2011"]
[Site "Arendsee (Altmark) GER"]
[Date "2011.12.27"]
[Round "2"]
[White "Habersetzer, Marc"]
[Black "Karlisch, Moritz"]
[Result "1/2-1/2"]
[Termination "normal"]
[Board "6.3"]
[WhiteElo "1075"]
[BlackElo "1260"]
[WhiteTeam "SK Turm Kleve"]
[BlackTeam "SK Doppelbauer Kiel"]
[BlackFideId "12964859"]
[EventCountry "GER"]
[EventRounds "7"]
[EventType "team-swiss"]
[EventDate "2011.12.26"]

1. e4 c5 2. Nf3 d6 3. d4 cxd4 4. Qxd4 Nc6 5. Qd1 Nf6 6. Nc3 Bg4 7. h3 Bh5 8.
Bb5 e6 9. Bg5 Be7 10. Be2 O-O 11. O-O Qc7 12. Nb5 Qd8 13. Nd2 Bxe2 14. Qxe2 a6
15. Nc3 Nd4 16. Qd3 e5 17. Ne2 Ne6 18. Bh4 Nc5 19. Qe3 Qd7 20. Nc3 Rac8 21.
Rad1 Ne6 22. Nf3 h6 23. Rd2 Rfd8 24. Rfd1 g5 25. Bg3 Qc7 26. h4 g4 27. Nh2 Kh7
28. h5 Ng5 29. f4 gxf3 30. Nxf3 Qc5 31. Qxc5 Nxf3+ 32. gxf3 Rxc5 33. Bh4 Rc6
34. Nd5 Nxd5 35. exd5 Rc7 36. Bf2 Rdc8 37. c3 Rg8+ 38. Kf1 Rg5 39. Bb6 Rc8 40.
Bf2 Rxh5 41. Ke2 Kg6 42. Rg1+ Rg5 43. Rh1 Rh5 44. Rg1+ Rg5 45. Rf1 f5 46. Kd1
Bf6 47. Rh1 Rh8 1/2-1/2

[Event "DVM U12 2011"]
[Site "Arendsee (Altmark) GER"]
[Date "2011.12.27"]
[Round "2"]
[White "Fronius, Thies"]
[Black "Verfürth, Kevin"]
[Result "1-0"]
[Termination "normal"]
[Board "6.4"]
[WhiteElo "951"]
[BlackElo "1086"]
[WhiteTeam "SK Doppelbauer Kiel"]
[BlackTeam "SK Turm Kleve"]
[BlackFideId "12954829"]
[EventCountry "GER"]
[EventRounds "7"]
[EventType "team-swiss"]
[EventDate "2011.12.26"]

1. e4 c5 2. Nf3 Nc6 3. d4 cxd4 4. Nxd4 d6 5. Nc3 Nf6 6. Bc4 g6 7. Be3 Bg7 8. f3
O-O 9. Qd2 Ne5 10. Bb3 Qa5 11. O-O-O Bd7 12. h4 Rac8 13. g4 Nc4 14. Qd3 Nxe3
15. Qxe3 h6 16. g5 hxg5 17. h5 gxh5 18. f4 Bh6 19. e5 gxf4 20. Qd3 Qxe5 21.
Qg6+ Bg7 22. Rhg1 Ng4 23. Rh1 Nf6 24. Rdg1 Bg4 25. Rxg4 hxg4 26. Nf5 Ne8 27.
Qh7# 1-0

[Event "DVM U12 2011"]
[Site "Arendsee (Altmark) GER"]
[Date "2011.12.27"]
[Round "2"]
[White "Fesenmeier, Lukas"]
[Black "Wichmann, Adrian"]
[Result "1/2-1/2"]
[Termination "normal"]
[Board "7.1"]
[WhiteElo "1462"]
[BlackElo "1694"]
[WhiteTeam "SK Endingen"]
[BlackTeam "SV Seubelsdorf"]
[BlackFideId "12904708"]
[EventCountry "GER"]
[EventRounds "7"]
[EventType "team-swiss"]
[EventDate "2011.12.26"]

1. d4 d5 2. c4 c6 3. Nc3 Nf6 4. Nf3 dxc4 5. e3 Bf5 6. Bxc4 e6 7. O-O Bb4 8. Bd2
O-O 9. Qb3 Bxc3 10. Bxc3 b5 11. Be2 Nbd7 12. Rac1 Qb6 13. Bb4 Rfc8 14. Rfd1 a6
15. Bd3 Bxd3 16. Qxd3 h6 17. Bc5 Qb7 18. Rc2 Nxc5 19. Rxc5 Nd7 20. Rc2 c5 21.
dxc5 Nxc5 22. Qd4 Na4 23. Rdc1 Rxc2 24. Rxc2 Rc8 25. Rxc8+ Qxc8 26. Qd2 Nb6 27.
h3 Qb7 28. Qd8+ Kh7 29. Qd3+ Kg8 30. Qd8+ Kh7 31. Qd3+ 1/2-1/2

[Event "DVM U12 2011"]
[Site "Arendsee (Altmark) GER"]
[Date "2011.12.27"]
[Round "2"]
[White "Kolb, Verena"]
[Black "Bleyer, Kalle"]
[Result "0-1"]
[Termination "normal"]
[Board "7.2"]
[WhiteElo "964"]
[BlackElo "1350"]
[WhiteTeam "SV Seubelsdorf"]
[BlackTeam "SK Endingen"]
[WhiteFideId "12992313"]
[BlackFideId "1270775"]
[EventCountry "GER"]
[EventRounds "7"]
[EventType "team-swiss"]
[EventDate "2011.12.26"]

1. e4 e5 2. Nf3 Nc6 3. Nc3 Nf6 4. d3 h6 5. d4 exd4 6. Nxd4 Bb4 7. Nxc6 bxc6 8.
a3 Ba5 9. b4 Bb6 10. Bc4 O-O 11. O-O Re8 12. Re1 a5 13. e5 Nd5 14. Bxd5 cxd5
15. Nxd5 axb4 16. Nxb4 Bc5 17. Qg4 d6 18. Qe4 Rxe5 19. Qxe5 dxe5 20. Nc6 Bxf2+
21. Kxf2 Qf6+ 22. Kg1 Qxc6 23. Rxe5 Be6 24. Bf4 Qc3 25. Rae1 Qd4+ 26. R1e3 Qxf4
27. Re1 Rd8 28. R5e4 Qg5 29. Re5 Qg6 30. c3 Rd2 31. g3 h5 32. R5e2 Rxe2 33.
Rxe2 h4 34. Kg2 h3+ 35. Kg1 Qd3 36. Re1 Qf3 37. Re2 Qxe2 38. a4 Qe1# 0-1

[Event "DVM U12 2011"]
[Site "Arendsee (Altmark) GER"]
[Date "2011.12.27"]
[Round "2"]
[White "Galli, Elias"]
[Black "Werner, Sebastian"]
[Result "1-0"]
[Termination "normal"]
[Board "7.3"]
[WhiteElo "1229"]
[BlackElo "1043"]
[WhiteTeam "SK Endingen"]
[BlackTeam "SV Seubelsdorf"]
[WhiteFideId "1270780"]
[EventCountry "GER"]
[EventRounds "7"]
[EventType "team-swiss"]
[EventDate "2011.12.26"]

1. e4 c5 2. Nf3 Nc6 3. Nc3 Nf6 4. d3 g6 5. Be2 Bg7 6. Be3 b6 7. Qd2 Ng4 8. Bf4
O-O 9. h3 Nge5 10. Bh6 Ba6 11. Bxg7 Kxg7 12. Nxe5 Nxe5 13. d4 Bxe2 14. Nxe2 Nc4
15. Qc3 Nd6 16. dxc5+ f6 17. cxd6 exd6 18. O-O-O Rc8 19. Qa3 Qc7 20. Qc3 Qd8
21. Qb3 Qc7 22. Rd3 Rfe8 23. f3 Qc5 24. g4 g5 25. Rhd1 Rc6 26. Nd4 Rc7 27. Nf5+
Kf8 28. Nxd6 Re6 29. Rc3 Rxd6 30. Rxc5 Rxd1+ 31. Kxd1 Rxc5 32. Kd2 Rc6 33. Qa3+
Rc5 34. Qxa7 Ke8 35. Qxb6 Rc6 36. Qb8+ Ke7 37. e5 Ra6 38. Qc7 Rc6 39. exf6+
Rxf6 40. Qe5+ Re6 41. Qxg5+ Rf6 42. a4 h6 43. Qxf6+ Kxf6 44. a5 Kg5 45. a6 Kh4
46. a7 Kxh3 47. a8=Q Kg3 48. Ke3 Kh4 49. Qd8+ Kg3 50. g5 hxg5 51. Qxg5+ Kh2 52.
Kf2 Kh3 53. Qh5# 1-0

[Event "DVM U12 2011"]
[Site "Arendsee (Altmark) GER"]
[Date "2011.12.27"]
[Round "2"]
[White "Wiemann, Daniel"]
[Black "Fesenmeier, Karl"]
[Result "0-1"]
[Termination "normal"]
[Board "7.4"]
[WhiteElo "1047"]
[BlackElo "1213"]
[WhiteTeam "SV Seubelsdorf"]
[BlackTeam "SK Endingen"]
[WhiteFideId "12942944"]
[EventCountry "GER"]
[EventRounds "7"]
[EventType "team-swiss"]
[EventDate "2011.12.26"]

1. e4 e5 2. Nf3 Nc6 3. Nc3 Nf6 4. Bc4 Be7 5. Ng5 O-O 6. Nxf7 Rxf7 7. Bxf7+ Kxf7
8. O-O d6 9. Qe1 Kg8 10. d3 Nd4 11. Qd2 Be6 12. Ne2 Nxe2+ 13. Qxe2 Qd7 14. h3
Rf8 15. Be3 a6 16. a3 c6 17. c4 d5 18. cxd5 cxd5 19. exd5 Nxd5 20. Rad1 Nxe3
21. Qxe3 Bf6 22. Rfe1 Bb3 23. Ra1 Bc2 24. Rac1 Qxd3 25. Qxd3 Bxd3 26. Rc7 e4
27. Rxb7 Bd4 28. Kh1 Bxf2 29. Rc1 e3 30. Rd7 Bb5 31. Re7 e2 32. b4 Bg3 33. a4
Rf1+ 34. Rxf1 exf1=Q# 0-1

[Event "DVM U12 2011"]
[Site "Arendsee (Altmark) GER"]
[Date "2011.12.27"]
[Round "2"]
[White "Saive, Philipp"]
[Black "Pysmennyy, Illya"]
[Result "0-1"]
[Termination "normal"]
[Board "8.1"]
[WhiteElo "1177"]
[BlackElo "1368"]
[WhiteTeam "SC 1997 Lambsheim"]
[BlackTeam "PSC Hannover"]
[WhiteFideId "16274792"]
[EventCountry "GER"]
[EventRounds "7"]
[EventType "team-swiss"]
[EventDate "2011.12.26"]

1. d4 f5 2. Nf3 g6 3. Bf4 Nf6 4. Nbd2 Bg7 5. e3 d5 6. c4 e6 7. Be2 O-O 8. O-O
b6 9. Qb3 Nbd7 10. Rac1 c5 11. Bg5 Bb7 12. cxd5 Bxd5 13. Bc4 h6 14. Bxd5 exd5
15. Bxf6 Nxf6 16. dxc5 bxc5 17. Rxc5 Rb8 18. Rb5 Qd6 19. Rb1 Rxb5 20. Qxb5 Ne4
21. Qa5 Qc6 22. h3 Rb8 23. Qxa7 Rxb2 24. Rxb2 Qc1+ 25. Nf1 Qxb2 26. Qa8+ Kh7
27. N3h2 Qxf2+ 28. Kh1 Ng3+ 29. Nxg3 Qxg3 30. Qxd5 Qe1+ 31. Nf1 Qxf1+ 32. Kh2
Qa1 33. Qf7 Qe5+ 34. Kh1 Qxe3 35. Kh2 Qe5+ 36. Kh1 Qf6 37. Qa7 g5 38. a4 Kg6
39. Qd7 Qa1+ 40. Kh2 Qe5+ 41. Kh1 Qe1+ 42. Kh2 Be5+ 0-1

[Event "DVM U12 2011"]
[Site "Arendsee (Altmark) GER"]
[Date "2011.12.27"]
[Round "2"]
[White "Gisy, Gianna"]
[Black "Tepper, Oliver"]
[Result "1/2-1/2"]
[Termination "normal"]
[Board "8.2"]
[WhiteElo "1329"]
[BlackElo "1098"]
[WhiteTeam "PSC Hannover"]
[BlackTeam "SC 1997 Lambsheim"]
[EventCountry "GER"]
[EventRounds "7"]
[EventType "team-swiss"]
[EventDate "2011.12.26"]

1. e4 e5 2. Nf3 Nc6 3. Nc3 Bb4 4. Bb5 Bxc3 5. dxc3 Nf6 6. Bg5 O-O 7. O-O d6 8.
h3 Bd7 9. Nh2 h6 10. Bh4 Qe7 11. Bc4 Be6 12. Bxe6 Qxe6 13. Qe2 Rfe8 14. Nf3
Rad8 15. Rad1 Rd7 16. Rfe1 d5 17. Bxf6 gxf6 18. Qd3 Red8 19. Nh4 dxe4 20. Qg3+
Kh7 21. Rxd7 Rxd7 22. Rxe4 f5 23. Re1 Rd8 24. Qf3 Qf6 25. Qxf5+ Qxf5 26. Nxf5
Kg6 27. g4 Rd2 28. Rc1 h5 29. Nh4+ Kh6 30. gxh5 Kxh5 31. Nf3 Rd6 32. Re1 Re6
33. b4 e4 34. Nd2 f5 35. Nc4 Ne5 36. Nxe5 Rxe5 37. Rd1 Re7 38. Rd8 Kh4 39. Rh8+
Kg5 40. Kg2 e3 41. fxe3 Rxe3 42. Rg8+ Kh4 43. Rf8 Kg5 44. h4+ Kxh4 45. Rxf5
Rxc3 46. Rc5 Rxc5 47. bxc5 Kg5 48. Kf3 Kf5 49. Ke3 Ke5 50. c4 b6 51. cxb6 cxb6
52. Kd3 Kd6 53. Kc3 Kc5 54. a4 a6 55. Kb3 b5 56. axb5 axb5 57. cxb5 Kxb5
1/2-1/2

[Event "DVM U12 2011"]
[Site "Arendsee (Altmark) GER"]
[Date "2011.12.27"]
[Round "2"]
[White "Wacker, Felix"]
[Black "Gisy, Gemma"]
[Result "1-0"]
[Termination "normal"]
[Board "8.3"]
[WhiteElo "1073"]
[BlackElo "1062"]
[WhiteTeam "SC 1997 Lambsheim"]
[BlackTeam "PSC Hannover"]
[WhiteFideId "12953040"]
[EventCountry "GER"]
[EventRounds "7"]
[EventType "team-swiss"]
[EventDate "2011.12.26"]

1. e4 e5 2. Nf3 Nc6 3. Bb5 Nf6 4. Bxc6 bxc6 5. Nxe5 Qe7 6. d4 Nxe4 7. O-O Qd8
8. Re1 f6 9. Rxe4 fxe5 10. Qh5+ g6 11. Qxe5+ Qe7 12. Qf4 d6 13. Rxe7+ Bxe7 14.
Be3 Rf8 15. Qe4 d5 16. Qd3 Bf5 17. Qa6 Kd7 18. c3 Rae8 19. Nd2 Ra8 20. Nf3 Bd6
21. Ne5+ Bxe5 22. dxe5 Rfe8 23. Bd4 Reb8 24. b4 h5 25. Re1 g5 26. Qe2 Re8 27.
Qxh5 Kc8 28. Qxe8+ 1-0

[Event "DVM U12 2011"]
[Site "Arendsee (Altmark) GER"]
[Date "2011.12.27"]
[Round "2"]
[White "Phunhon Lopez, Daniel Alejandro"]
[Black "Wacker, Andreas"]
[Result "1-0"]
[Termination "normal"]
[Board "8.4"]
[WhiteElo "1083"]
[BlackElo "1038"]
[WhiteTeam "PSC Hannover"]
[BlackTeam "SC 1997 Lambsheim"]
[WhiteFideId "12952567"]
[BlackFideId "12953083"]
[EventCountry "GER"]
[EventRounds "7"]
[EventType "team-swiss"]
[EventDate "2011.12.26"]

1. e4 e5 2. Nc3 Nf6 3. Bc4 Bb4 4. Nge2 Nc6 5. a3 Ba5 6. d3 d6 7. Bg5 Bg4 8. f3
Bh5 9. b4 Bb6 10. Nd5 h6 11. Bxf6 gxf6 12. Nxb6 axb6 13. O-O Qe7 14. d4 Rg8 15.
Bb5 O-O-O 16. Bxc6 bxc6 17. d5 cxd5 18. Qxd5 Kd7 19. b5 Rg7 20. Qc6+ Kc8 21. a4
Kb8 22. a5 Qd7 23. Qd5 Qe6 24. Qc6 Qd7 25. Qc4 Rdg8 26. Ng3 Bg6 27. axb6 cxb6
28. Qd5 Qb7 29. Qxd6+ Qc7 30. Ra8+ Kb7 31. Ra7+ 1-0

[Event "DVM U12 2011"]
[Site "Arendsee (Altmark) GER"]
[Date "2011.12.27"]
[Round "2"]
[White "Kania, Markus"]
[Black "Meier, Lukas"]
[Result "1-0"]
[Termination "normal"]
[Board "9.1"]
[WhiteElo "1646"]
[BlackElo "1006"]
[WhiteTeam "MTV 1876 Saalfeld"]
[BlackTeam "SV Oberursel"]
[WhiteFideId "12903736"]
[EventCountry "GER"]
[EventRounds "7"]
[EventType "team-swiss"]
[EventDate "2011.12.26"]

1. c4 Nf6 2. Nc3 Nc6 3. g3 b6 4. Bg2 Bb7 5. Nf3 e6 6. O-O Bd6 7. d4 Na5 8. b3
O-O 9. Qc2 a6 10. e4 Bb4 11. e5 Bxc3 12. Qxc3 Ne4 13. Qc2 h6 14. b4 Nc6 15.
Qxe4 Rb8 16. Qb1 Na7 17. a4 c5 18. dxc5 bxc5 19. b5 Nc8 20. Be3 axb5 21. axb5
Qc7 22. Qd3 Re8 23. Rfd1 Nb6 24. Rac1 Rbd8 25. Qd6 Qxd6 26. Rxd6 Rf8 27. Rxb6
Ba8 28. Bxc5 Rfe8 29. Rd6 Kh8 30. Bb6 Rc8 31. Rxd7 Rb8 32. c5 Rec8 33. Rcd1 Bd5
34. Ne1 Bxg2 35. Kxg2 Re8 36. Rd8 Rexd8 37. Rxd8+ Rxd8 38. Bxd8 1-0

[Event "DVM U12 2011"]
[Site "Arendsee (Altmark) GER"]
[Date "2011.12.27"]
[Round "2"]
[White "Rogalski, Maximilian"]
[Black "Quandt, Franz Edmund"]
[Result "0-1"]
[Termination "normal"]
[Board "9.2"]
[WhiteElo "1010"]
[BlackElo "1095"]
[WhiteTeam "SV Oberursel"]
[BlackTeam "MTV 1876 Saalfeld"]
[EventCountry "GER"]
[EventRounds "7"]
[EventType "team-swiss"]
[EventDate "2011.12.26"]

1. e4 c5 2. Nf3 e6 3. d4 cxd4 4. Qxd4 Nc6 5. Qd1 Qc7 6. Nc3 d6 7. Bc4 a6 8. O-O
Nf6 9. Bg5 Be7 10. Re1 O-O 11. Qe2 Re8 12. e5 dxe5 13. Nxe5 Nxe5 14. Bb3 Ned7
15. Rad1 b5 16. a4 bxa4 17. Bxa4 Rd8 18. Qf3 Bb7 19. Qe3 Nc5 20. Qc1 Rxd1 21.
Rxd1 Rd8 22. Bxf6 Bxf6 23. Rxd8+ Qxd8 24. h3 Nxa4 25. Nxa4 Qd5 26. f3 Qd4+ 27.
Kh2 Qxa4 28. b3 Qa1 29. Qe3 Qe5+ 30. Qxe5 Bxe5+ 31. Kg1 f5 32. Kf2 Kf7 33. Ke3
Ke7 34. f4 Bf6 35. g3 g5 36. fxg5 Bxg5+ 37. Kf2 h5 38. h4 Bf6 39. Ke2 Be5 40.
Kf2 f4 41. gxf4 Bxf4 0-1

[Event "DVM U12 2011"]
[Site "Arendsee (Altmark) GER"]
[Date "2011.12.27"]
[Round "2"]
[White "Dührkop, Jasmin"]
[Black "Spierling, Maximilian"]
[Result "1/2-1/2"]
[Termination "normal"]
[Board "9.3"]
[WhiteElo "1135"]
[BlackElo "1102"]
[WhiteTeam "MTV 1876 Saalfeld"]
[BlackTeam "SV Oberursel"]
[WhiteFideId "16270509"]
[EventCountry "GER"]
[EventRounds "7"]
[EventType "team-swiss"]
[EventDate "2011.12.26"]

1. e4 e5 2. Nf3 Nc6 3. d4 exd4 4. Nxd4 Bc5 5. Nxc6 bxc6 6. Bc4 Nf6 7. Nc3 O-O
8. O-O d6 9. Re1 Ng4 10. Re2 Re8 11. Be3 Bxe3 12. fxe3 Nf6 13. Rf2 Be6 14. Bd3
d5 15. exd5 cxd5 16. e4 Bg4 17. Be2 Bxe2 18. Rxe2 dxe4 19. Qxd8 Raxd8 20. Rae1
h6 21. Nxe4 Ng4 22. h3 Ne5 23. Nc3 f6 24. Nb5 c6 25. Nxa7 c5 26. Nc6 Rd5 27. c4
Rd7 28. Nxe5 fxe5 29. Rxe5 Rxe5 30. Rxe5 Rd1+ 31. Kh2 Rd2 32. b3 Rxa2 33. Rxc5
Kf7 34. b4 Ke6 35. Rd5 Rc2 36. Rc5 Kd6 37. Kg3 Rb2 38. Rd5+ Kc6 39. b5+ Kb6 40.
Kf3 Rc2 41. Rd4 Kc5 42. Re4 Rc3+ 43. Ke2 Rc2+ 44. Ke3 Rxg2 45. Re5+ Kd6 46. Kd4
Rd2+ 47. Kc3 Rh2 48. Rd5+ Kc7 49. Rd3 Kb6 50. Kd4 g5 51. Ke5 Kc5 52. Rc3 h5 53.
Kf5 Kd4 54. Rc1 Rxh3 55. b6 Rb3 56. c5 Rb5 57. Kxg5 Kd5 58. c6 Kd6+ 59. Kf6
Rxb6 60. c7 Kd7+ 61. Kf7 Kc8 62. Ke7 h4 63. Rc3 Rh6 64. Rh3 Kxc7 65. Kf7 Kd6
66. Kg7 Rh5 67. Kg6 Rh8 68. Kg5 1/2-1/2

[Event "DVM U12 2011"]
[Site "Arendsee (Altmark) GER"]
[Date "2011.12.27"]
[Round "2"]
[White "Vogt, Dennis"]
[Black "Rauch, Marie-Louise"]
[Result "1-0"]
[Termination "normal"]
[Board "9.4"]
[WhiteElo "800"]
[BlackElo "1029"]
[WhiteTeam "SV Oberursel"]
[BlackTeam "MTV 1876 Saalfeld"]
[BlackFideId "16217500"]
[EventCountry "GER"]
[EventRounds "7"]
[EventType "team-swiss"]
[EventDate "2011.12.26"]

1. e4 e5 2. Nc3 Nc6 3. Nf3 Bc5 4. a3 a5 5. Bb5 d6 6. O-O Bd7 7. d3 h6 8. Nd5
Nf6 9. Bd2 Nb8 10. Bxd7+ Nbxd7 11. h3 O-O 12. Nxf6+ Qxf6 13. Rc1 Bb6 14. Qe1
Nb8 15. Be3 c5 16. h4 Rd8 17. Bg5 hxg5 18. hxg5 Qe6 19. Rd1 d5 20. exd5 Rxd5
21. c4 Rd6 22. Qe4 Nc6 23. g6 Qxg6 24. Qxg6 Rxg6 25. Nh4 Rg4 26. Nf3 e4 27.
dxe4 Rxe4 28. Ng5 Rxc4 29. Rfe1 Bd8 30. Re8# 1-0